000 00504nam a22001697a 4500
008 150610b xxu||||| |||| 00| 0 eng d
041 0 _aeng
080 _a355.425
245 0 0 _aThe Frontiersmen
260 _aNew York :
_bStringer & Townsend,
_cc1854
300 _a204 f.
_bme il. :
_c29 cm.
505 _aIndex: f.238-240
650 0 _aThe Frontiersmen
650 0 _aBanoret e zonave kufitare
700 1 _aHubbard, Harvey,
_d1821-1862.
942 _2udc
_cBK
999 _c1028
_d1028